000 02056nam a22003137a 4500
003 OSt
005 20250308010437.0
008 240531b ||||| |||| 00| 0 eng d
040 _bEnglish.
_cCvSU-CCAT Campus Library.
_erda.
050 _aUM TX 324
_bE44 2008
100 _aEmelo, Jarvin Yco, author.
_913175
245 _aDishwashing liquid with aloe vera /
_cJarvin Yco Emelo.
260 _aRosario, Cavite :
_bCavite State University-CCAT Campus,
_c2008.
300 _ax, 25 leaves :
_billustrations ;
_c28 cm
500 _aResearch Study (LSHS) -- Cavite State University-CCAT Campus, 2008.
504 _aIncludes bibliographical references and appendices.
520 _a This study entitled "Dishwashing Liquid with Aloe Vera" was conducted at Tejeros Convention Rosario, Cavite from October-December 2007 with the following objectives (1) Identify the most effective concentration of Aloe Vera in dishwashing liquid. (2). Determine the significant difference between Aloe Vera and commercial dishwashing liquid as grease remover. Randomized Complete Block Design (RCBD) was used in the study with seven trials and three replications. There are T0 (commercial Dishwashing liquid), T1 (25% Aloe Vera, 75% dishwashing liquid, T2 (50% Aloe Vera, 50% dishwashing liquid), T3 (75% Aloe Vera, 25% dishwashing liquid). Based on the experiment conducted it is concluded that Aloe Vera is a grease remover and effective component of dishwashing liquid. Aside from its cleaning properties, it is gentle to hand due to its normal range of pH level.
546 _aIn English text
650 _aDishwashing liquid.
_915032
650 _aAloe vera extract.
_915033
650 _aNatural ingredients.
_915034
650 _aSurfactant properties.
_915035
650 _aConsumer acceptability.
_914281
650 _aInnovatec cleaning solutions.
_915036
650 _aProduct development.
_913688
700 _aEmelo, Marian A., adviser.
_913869
942 _2lcc
_cT/M/D
_kUM
_hTX 324 E44 2008
999 _c3504
_d3504